[Event "78th POL-ch"]
[Site "Bydgoszcz POL"]
[Date "2021.05.02"]
[Round "2.3"]
[White "Wojtaszek, Radoslaw"]
[Black "Gajewski, Grzegorz"]
[Result "1-0"]
[WhiteElo "2703"]
[BlackElo "2545"]
[EventDate "2021.04.29"]
[PlyCount "53"]

1.d4 d5 2.c4 e6 3.Nc3 c5 4.cxd5 exd5 5.Nf3 Nc6 6.dxc5 d4 7.Na4 Bxc5 8.Nxc5
Qa5+ 9.Bd2 Qxc5 10.Rc1 Qb6 11.e3 dxe3 12.Bxe3 Qb4+ 13.Bd2 Qe7+ 14.Be2 Nf6 
15.O-O O-O 16.Re1 Bf5 17.Bb5 Qd8 18.Qa4 Bd7 19.Qh4 a6 20.Bd3 h6 21.Bxh6 
Bg4 22.Bxg7 Kxg7 23.Qg5+ Kh8 24.Qh6+ Kg8 25.Re3 Re8 26.Ng5 Qd5 27.Bh7+ 1-0

[Event "78th POL-ch"]
[Site "Bydgoszcz POL"]
[Date "2021.05.02"]
[Round "2.4"]
[White "Gajewski, Grzegorz"]
[Black "Wojtaszek, Radoslaw"]
[Result "0-1"]
[WhiteElo "2545"]
[BlackElo "2703"]
[EventDate "2021.04.29"]
[PlyCount "74"]

1.e4 c5 2.Nf3 d6 3.d4 cxd4 4.Nxd4 Nf6 5.Nc3 a6 6.h3 e6 7.g4 h6 8.a3 Be7 9.
Be3 Nc6 10.Qe2 Nxd4 11.Bxd4 e5 12.Be3 b5 13.O-O-O Bb7 14.Bg2 Rc8 15.h4 
Rxc3 16.bxc3 Qa5 17.Kb2 Nxe4 18.Bxe4 Bxe4 19.Bb6 Qa4 20.f3 Bh7 21.g5 O-O 
22.gxh6 d5 23.Ra1 d4 24.Rhg1 dxc3+ 25.Kc1 Bf6 26.Rg4 b4 27.Qg2 Qb5 28.Rxb4
Qd5 29.Rg4 Rb8 30.Rb1 Qa2 31.Rgb4 Qxa3+ 32.Kd1 Qa2 33.R4b3 Bf5 34.Bc7 
Qxb1+ 35.Rxb1 Rxb1+ 36.Ke2 Bxc2 37.Bd8 Bg6 0-1

[Event "78th POL-ch"]
[Site "Bydgoszcz POL"]
[Date "2021.05.01"]
[Round "2.1"]
[White "Socko, Bartosz"]
[Black "Piorun, Kacper"]
[Result "1/2-1/2"]
[WhiteElo "2618"]
[BlackElo "2615"]
[EventDate "2021.04.29"]
[PlyCount "62"]

1.e4 c5 2.Nf3 Nc6 3.d4 cxd4 4.Nxd4 Nf6 5.Nc3 e5 6.Ndb5 d6 7.Nd5 Nxd5 8.
exd5 Ne7 9.c4 Ng6 10.g3 a6 11.Nc3 Be7 12.h4 f5 13.h5 Nf8 14.Be3 Nd7 15.Qd2
O-O 16.O-O-O e4 17.Kb1 Ne5 18.Be2 Bd7 19.c5 Rc8 20.h6 g6 21.Bd4 Bf6 22.
cxd6 Nf7 23.f4 Nxd6 24.Rc1 Kf7 25.Rc2 Bxd4 26.Qxd4 Qf6 27.Qe3 Rg8 28.Rcc1 
Rc7 29.Rc2 Rcc8 30.Rcc1 Rc7 31.Rc2 Rcc8 1/2-1/2

[Event "78th POL-ch"]
[Site "Bydgoszcz POL"]
[Date "2021.05.02"]
[Round "2.2"]
[White "Piorun, Kacper"]
[Black "Socko, Bartosz"]
[Result "0-1"]
[WhiteElo "2615"]
[BlackElo "2618"]
[EventDate "2021.04.29"]
[PlyCount "134"]

1.e4 c6 2.d4 d5 3.Nc3 dxe4 4.Nxe4 Bf5 5.Ng3 Bg6 6.Nh3 Nf6 7.Nf4 e5 8.dxe5 
Qa5+ 9.c3 Qxe5+ 10.Be2 Bc5 11.Qb3 Qc7 12.h4 Qb6 13.O-O Qxb3 14.axb3 Nbd7 
15.h5 Bc2 16.Bd1 Bxd1 17.Re1+ Be7 18.Nf5 Bg4 19.Nxe7 Kd8 20.Ra5 Re8 21.f3 
Rxe7 22.Rxe7 Kxe7 23.fxg4 Nxg4 24.Kf1 Nde5 25.Ke2 a6 26.Be3 Re8 27.Bd4 Kd6
28.Kd2 f6 29.Bc5+ Kc7 30.Bd4 Nf7 31.b4 Re4 32.Ne2 Nge5 33.b3 Rg4 34.Ke3 
Rxg2 35.Ra1 Rg5 36.Nf4 Rg3+ 37.Ke2 Rg4 38.Be3 Ng5 39.Rd1 Rh4 40.Rd4 Rh2+ 
41.Kd1 b5 42.Kc1 Kc8 43.Rd1 Rh4 44.Kc2 g6 45.hxg6 hxg6 46.Kc1 Ngf7 47.Kc2 
Rh2+ 48.Kb1 g5 49.Ne6 Re2 50.Bc1 Nf3 51.Nc5 g4 52.Bf4 Re1 53.Kc2 Rxd1 54.
Kxd1 N3e5 55.Ke2 Nd7 56.Ne6 Nd8 57.Nc7 Nb6 58.Nxa6 Ne6 59.Bh2 Nd7 60.Bd6 
Kb7 61.Nc5+ Ndxc5 62.bxc5 f5 63.Kd3 f4 64.Ke4 g3 65.Kf3 Kc8 66.b4 Kd7 67.
Be5 Ke7 0-1

[Event "78th POL-ch"]
[Site "Bydgoszcz POL"]
[Date "2021.05.01"]
[Round "2.1"]
[White "Teclaf, Pawel"]
[Black "Kempinski, Robert"]
[Result "1-0"]
[WhiteElo "2502"]
[BlackElo "2561"]
[EventDate "2021.04.29"]
[PlyCount "68"]

1.e4 c5 2.Nf3 d6 3.d4 cxd4 4.Nxd4 Nf6 5.Nc3 a6 6.Nb3 Nc6 7.Be3 e6 8.Qe2 
Qc7 9.O-O-O b5 10.g4 Ne5 11.g5 Nfd7 12.f4 Nc4 13.Bd4 Bb7 14.Bh3 O-O-O 15.
Qh5 b4 16.Qxf7 bxc3 17.Bxc3 Ndb6 18.Qxc7+ Kxc7 19.Nd4 Kb8 20.b3 Ne3 21.
Rde1 Bxe4 22.Rhg1 Ned5 23.Ba5 Nxf4 24.Rxe4 Nxh3 25.Rg3 Kb7 26.Nxe6 Re8 27.
Nc5+ dxc5 28.Rxe8 Nf4 29.Rf3 Ng6 30.Rf7+ Kc6 31.Bxb6 Kxb6 32.h4 Kc6 33.h5 
Be7 34.Rfxe7 Kd5 1-0

[Event "78th POL-ch"]
[Site "Bydgoszcz POL"]
[Date "2021.05.02"]
[Round "2.2"]
[White "Kempinski, Robert"]
[Black "Teclaf, Pawel"]
[Result "1-0"]
[WhiteElo "2561"]
[BlackElo "2502"]
[EventDate "2021.04.29"]
[PlyCount "63"]

1.d4 Nf6 2.Nf3 g6 3.c4 Bg7 4.Nc3 d5 5.Qb3 dxc4 6.Qxc4 O-O 7.e4 a6 8.e5 b5 
9.Qb3 Nfd7 10.e6 fxe6 11.Ng5 Bxd4 12.Nxe6 Bxf2+ 13.Ke2 Nc5 14.Nxc5+ e6 15.
N3e4 Bxc5 16.Nxc5 Nc6 17.Be3 Nd4+ 18.Bxd4 Qxd4 19.Qc3 Qf2+ 20.Kd1 e5 21.
Bd3 Bg4+ 22.Kc1 Rad8 23.Re1 Qxg2 24.a4 Bf5 25.Bxf5 Rxf5 26.Kb1 Rd4 27.axb5
axb5 28.Ne6 Rc4 29.Qd3 Rf2 30.Qd8+ Kf7 31.Qd7+ Kf6 32.Qg7+ 1-0

[Event "78th POL-ch"]
[Site "Bydgoszcz POL"]
[Date "2021.05.02"]
[Round "2.3"]
[White "Teclaf, Pawel"]
[Black "Kempinski, Robert"]
[Result "1/2-1/2"]
[WhiteElo "2387"]
[BlackElo "2552"]
[EventDate "2021.04.29"]
[PlyCount "120"]

1.e4 c5 2.Nf3 d6 3.d4 cxd4 4.Nxd4 Nf6 5.Nc3 a6 6.Nb3 Nbd7 7.g4 b5 8.g5 b4 
9.Nd5 Nxd5 10.exd5 g6 11.Be3 Bg7 12.Bd4 f6 13.a3 bxa3 14.Rxa3 O-O 15.Na5 
Qe8 16.Bg2 fxg5 17.Bxg7 Kxg7 18.O-O Ne5 19.Nc6 Bg4 20.Qd2 Bf3 21.Nxe5 Bxg2
22.Kxg2 dxe5 23.Re1 Rf5 24.Rae3 Qb8 25.c4 Qd6 26.Qc3 Raf8 27.f3 Kg8 28.
Rxe5 Rxf3 29.Qxf3 Rxf3 30.Kxf3 Qb4 31.R1e4 Qxb2 32.Rxe7 Qc3+ 33.Kg4 Qf6 
34.Kg3 Qc3+ 35.Kg4 Qf6 36.R7e6 Qf2 37.Kxg5 Qf5+ 38.Kh4 Qf2+ 39.Kg5 Qf5+ 
40.Kh4 Qf2+ 41.Kg4 Kg7 42.Re7+ Kh6 43.Re3 Qf5+ 44.Kg3 Qg5+ 45.Kf3 Qf5+ 46.
Kg2 Qc2+ 47.Kg3 Qxc4 48.d6 Qc5 49.d7 Qg5+ 50.Kf2 Qf4+ 51.Ke2 Qc4+ 52.Kf2 
Qf4+ 53.Ke2 Qc4+ 54.Kd2 Qb4+ 55.Kd3 Qd6+ 56.Kc3 Qc5+ 57.Kd3 Qd6+ 58.Kc2 
Qc5+ 59.Kd2 Qb4+ 60.Ke2 Qc4+ 1/2-1/2

[Event "78th POL-ch"]
[Site "Bydgoszcz POL"]
[Date "2021.05.02"]
[Round "2.5"]
[White "Teclaf, Pawel"]
[Black "Kempinski, Robert"]
[Result "1-0"]
[WhiteElo "2417"]
[BlackElo "2639"]
[EventDate "2021.04.29"]
[PlyCount "65"]

1.e4 c5 2.Nf3 d6 3.d4 cxd4 4.Nxd4 Nf6 5.Nc3 a6 6.Nb3 e6 7.g4 b5 8.Bg2 Bb7 
9.g5 Nfd7 10.Qe2 Ne5 11.f4 Nc4 12.Nd2 Nxd2 13.Bxd2 Nc6 14.O-O-O Be7 15.h4 
Rc8 16.f5 b4 17.fxe6 fxe6 18.Bh3 bxc3 19.Bxc3 Qd7 20.Bxg7 Rg8 21.Bc3 Kd8 
22.Qc4 Rg6 23.Kb1 Ke8 24.h5 Rxg5 25.Bxe6 Qc7 26.Bxc8 Qxc8 27.Rhg1 Ne5 28.
Qb3 h6 29.Rxg5 hxg5 30.Bxe5 dxe5 31.Qg8+ Bf8 32.Rf1 Qc5 33.Qf7+ 1-0

[Event "78th POL-ch"]
[Site "Bydgoszcz POL"]
[Date "2021.05.02"]
[Round "2.6"]
[White "Kempinski, Robert"]
[Black "Teclaf, Pawel"]
[Result "0-1"]
[WhiteElo "2639"]
[BlackElo "2417"]
[EventDate "2021.04.29"]
[PlyCount "54"]

1.d4 e6 2.c4 b6 3.e4 Bb4+ 4.Bd2 Bxd2+ 5.Qxd2 d5 6.Nc3 dxe4 7.Nxe4 Bb7 8.
Nc3 c5 9.d5 Nf6 10.O-O-O O-O 11.Nf3 Na6 12.d6 Nb4 13.a3 Nc6 14.Bd3 Nd4 15.
Nxd4 cxd4 16.Nb5 e5 17.f4 e4 18.Bb1 d3 19.Qb4 Rc8 20.Nxa7 Rc5 21.Nb5 Nd5 
22.Qb3 Ne3 23.Rxd3 exd3 24.Qxd3 Rxc4+ 25.Kd2 Re4 26.Nc3 Qxd6 27.Nxe4 Bxe4 
0-1

[Event "78th POL-ch"]
[Site "Bydgoszcz POL"]
[Date "2021.05.01"]
[Round "2.1"]
[White "Moranda, Wojciech"]
[Black "Heberla, Bartlomiej"]
[Result "1/2-1/2"]
[WhiteElo "2618"]
[BlackElo "2556"]
[EventDate "2021.04.29"]
[PlyCount "75"]

1.e4 e5 2.Nf3 Nc6 3.Bb5 a6 4.Ba4 Nf6 5.O-O Nxe4 6.d4 b5 7.Bb3 d5 8.dxe5 
Be6 9.Qe2 Be7 10.Rd1 O-O 11.c4 bxc4 12.Bxc4 Bc5 13.Be3 Bxe3 14.Qxe3 Qb8 
15.Bb3 Na5 16.Nbd2 Qa7 17.Qxa7 Rxa7 18.Rac1 c5 19.Ba4 Nxd2 20.Nxd2 Nc4 21.
Nxc4 dxc4 22.b3 cxb3 23.Bxb3 Bxb3 24.axb3 Rb7 25.Rc3 g6 26.g3 Rfb8 27.Rdd3
Rb5 28.f4 Ra5 29.Kg2 Ra2+ 30.Kh3 Rb2 31.Kg4 Rxh2 32.Rxc5 Rb7 33.Rc6 Rb2 
34.Rxa6 R2xb3 35.Rxb3 Rxb3 36.Ra8+ Kg7 37.Ra7 Re3 38.Rb7 1/2-1/2

[Event "78th POL-ch"]
[Site "Bydgoszcz POL"]
[Date "2021.05.02"]
[Round "2.2"]
[White "Heberla, Bartlomiej"]
[Black "Moranda, Wojciech"]
[Result "0-1"]
[WhiteElo "2556"]
[BlackElo "2618"]
[EventDate "2021.04.29"]
[PlyCount "100"]

1.e4 c5 2.Nf3 d6 3.d4 cxd4 4.Nxd4 Nf6 5.Nc3 a6 6.Be2 e6 7.O-O Be7 8.f4 Qc7
9.Kh1 O-O 10.Qe1 Nc6 11.Be3 Nxd4 12.Bxd4 b5 13.a3 Bb7 14.Qg3 Rad8 15.Rae1 
Rd7 16.Bd3 Re8 17.Nd1 Bd8 18.Bc3 Qc5 19.Nf2 e5 20.Ng4 Nxg4 21.Qxg4 Qc8 22.
Re3 Rc7 23.Qh5 g6 24.Qh6 f6 25.Rg3 Rg7 26.f5 g5 27.h4 g4 28.Qh5 Bb6 29.Bd2
Kh8 30.Bh6 Rd7 31.Rxg4 d5 32.Rf3 Ree7 33.Rfg3 Bf2 34.Rg8+ Qxg8 35.Rxg8+ 
Kxg8 36.a4 dxe4 37.Bxe4 Rd4 38.Qf3 Rxe4 39.Qxf2 Rg4 40.Qd2 Kf7 41.Qe3 Rxg2
42.Qb3+ Ke8 43.Be3 b4 44.a5 h5 45.Qa2 Bc6 46.Qb3 Kd8 47.Qa2 Rd7 48.Bb6+ 
Kc8 49.Qe6 Rxc2+ 50.Kg1 Kb7 0-1

[Event "78th POL-ch"]
[Site "Bydgoszcz POL"]
[Date "2021.05.04"]
[Round "3.1"]
[White "Wojtaszek, Radoslaw"]
[Black "Socko, Bartosz"]
[Result "1-0"]
[WhiteElo "2694"]
[BlackElo "2618"]
[EventDate "2021.04.29"]
[PlyCount "55"]

1.d4 Nf6 2.c4 e6 3.g3 c5 4.d5 exd5 5.cxd5 d6 6.Nc3 g6 7.Bg2 Bg7 8.Nf3 O-O 
9.O-O Re8 10.Re1 Na6 11.Bf4 Ne4 12.Nxe4 Rxe4 13.Nd2 Rxf4 14.gxf4 Bxb2 15.
Rb1 Bg7 16.e4 Nb4 17.Rb3 Nxa2 18.e5 Nb4 19.e6 Qe7 20.f5 gxf5 21.Nc4 fxe6 
22.dxe6 Bxe6 23.Rbe3 Qh4 24.Nxd6 Bf7 25.Nxf7 Kxf7 26.Qd7+ Kg8 27.Rg3 Qf6 
28.Re7 1-0

[Event "78th POL-ch"]
[Site "Bydgoszcz POL"]
[Date "2021.05.05"]
[Round "3.2"]
[White "Socko, Bartosz"]
[Black "Wojtaszek, Radoslaw"]
[Result "1/2-1/2"]
[WhiteElo "2618"]
[BlackElo "2694"]
[EventDate "2021.04.29"]
[PlyCount "97"]

1.e4 c5 2.Nf3 d6 3.d4 cxd4 4.Nxd4 Nf6 5.Nc3 a6 6.f3 e5 7.Nde2 Be6 8.Be3 
Nc6 9.Nd5 Bxd5 10.exd5 Qa5+ 11.Nc3 Ne7 12.Bc4 g6 13.O-O Bg7 14.Qd3 O-O 15.
b4 Qc7 16.Bb3 Nf5 17.Bf2 Nd4 18.Ne2 Nxe2+ 19.Qxe2 e4 20.c4 a5 21.bxa5 exf3
22.Qxf3 Nd7 23.Rae1 Nc5 24.Bh4 Rae8 25.Rxe8 Rxe8 26.Re1 Be5 27.Rf1 Bd4+ 
28.Kh1 Re3 29.Qd1 Re4 30.Bg5 Be5 31.Qf3 f5 32.Be3 Qe7 33.g3 Bd4 34.Bf4 Re1
35.Bc2 Rxf1+ 36.Qxf1 Bc3 37.h4 Bxa5 38.Qf3 Bb6 39.Kg2 Nd7 40.g4 Ne5 41.
Bxe5 Qxe5 42.gxf5 Qe3 43.fxg6 hxg6 44.Qxe3 Bxe3 45.Bxg6 Kg7 46.Bf5 b6 47.
Kf3 Bc5 48.Kg4 Kh6 49.Be6 1/2-1/2

[Event "78th POL-ch"]
[Site "Bydgoszcz POL"]
[Date "2021.05.04"]
[Round "3.1"]
[White "Moranda, Wojciech"]
[Black "Teclaf, Pawel"]
[Result "1/2-1/2"]
[WhiteElo "2618"]
[BlackElo "2502"]
[EventDate "2021.04.29"]
[PlyCount "60"]

1.d4 e6 2.Nf3 c5 3.c4 cxd4 4.Nxd4 a6 5.Nc3 Nf6 6.e4 Bb4 7.Qd3 d5 8.exd5 
exd5 9.Be2 Nc6 10.Nxc6 bxc6 11.O-O O-O 12.Rd1 Be6 13.cxd5 Nxd5 14.Nxd5 
Bxd5 15.Bf3 Bc5 16.Bxd5 cxd5 17.Qxd5 Qb6 18.Qf3 Rad8 19.Rf1 Rd6 20.b3 Rf6 
21.Qg3 Rg6 22.Qh3 Re6 23.Bf4 Bd4 24.Rac1 Re2 25.Rc8 Bxf2+ 26.Kh1 Bc5 27.
Qf3 Rxc8 28.Qxe2 Bf8 29.h3 h6 30.Rd1 Qc6 1/2-1/2

[Event "78th POL-ch"]
[Site "Bydgoszcz POL"]
[Date "2021.05.05"]
[Round "3.2"]
[White "Teclaf, Pawel"]
[Black "Moranda, Wojciech"]
[Result "1/2-1/2"]
[WhiteElo "2502"]
[BlackElo "2618"]
[EventDate "2021.04.29"]
[PlyCount "73"]

1.e4 c6 2.d4 d5 3.exd5 cxd5 4.Bd3 Nc6 5.c3 g6 6.Nf3 Nf6 7.Bf4 Bf5 8.Bxf5 
gxf5 9.O-O e6 10.Re1 Rg8 11.Nbd2 Nh5 12.Be5 Be7 13.Nf1 Kf8 14.Ng3 Nxg3 15.
hxg3 Nxe5 16.Nxe5 Bf6 17.Qd2 Bxe5 18.Rxe5 Rc8 19.a4 Rg6 20.a5 Kg7 21.Ree1 
h5 22.Qf4 Kh7 23.f3 Qd7 24.Kf2 Rcg8 25.Rh1 Rh6 26.Rh3 f6 27.Rah1 Rg5 28.
Qe3 Kg6 29.Qe2 Rh8 30.g4 Qd6 31.gxf5+ Rxf5 32.g4 Rg5 33.Qe3 Rh7 34.Ke1 f5 
35.gxh5+ Rgxh5 36.Rg1+ Kf7 37.Rxh5 1/2-1/2

[Event "78th POL-ch"]
[Site "Bydgoszcz POL"]
[Date "2021.05.05"]
[Round "3.4"]
[White "Teclaf, Pawel"]
[Black "Moranda, Wojciech"]
[Result "1/2-1/2"]
[WhiteElo "2387"]
[BlackElo "2635"]
[EventDate "2021.04.29"]
[PlyCount "118"]

1.e4 c6 2.d4 d5 3.exd5 cxd5 4.Bd3 Nf6 5.c3 Bg4 6.Ne2 e6 7.O-O Bd6 8.Qe1 
Bh5 9.f4 O-O 10.Ng3 Bg6 11.f5 exf5 12.Nxf5 Nc6 13.Bg5 Re8 14.Qh4 Re6 15.
Nd2 Bf8 16.Rae1 Rxe1 17.Rxe1 Qd7 18.Qh3 Re8 19.Rf1 Qe6 20.Bxf6 gxf6 21.Nf3
Ne7 22.N3h4 Nxf5 23.Nxf5 Qb6 24.b3 Qc7 25.c4 Qa5 26.Qg3 dxc4 27.Bxc4 Kh8 
28.Nd6 Re7 29.Qf4 Qc7 30.Qxf6+ Bg7 31.Qf4 Rd7 32.Nxf7+ Bxf7 33.Qxc7 Bxd4+ 
34.Kh1 Rxc7 35.Bxf7 Kg7 36.Bc4 Bf6 37.Rd1 Re7 38.g3 b6 39.Kg2 Rc7 40.a4 
Re7 41.h4 Rc7 42.Kh3 Re7 43.Rd3 Be5 44.Rd8 Bc7 45.Ra8 Bd6 46.Rg8+ Kf6 47.
g4 h6 48.Rd8 Re3+ 49.Kg2 Ke7 50.Rg8 Kf6 51.Kf2 Rh3 52.h5 Bf4 53.Rf8+ Kg5 
54.Be6 Bd6 55.Rf5+ Kh4 56.Rf6 Bc5+ 57.Ke2 Be3 58.Rf7 Bg5 59.Rxa7 Re3+ 
1/2-1/2

[Event "78th POL-ch"]
[Site "Bydgoszcz POL"]
[Date "2021.05.06"]
[Round "4.1"]
[White "Moranda, Wojciech"]
[Black "Wojtaszek, Radoslaw"]
[Result "1-0"]
[WhiteElo "2618"]
[BlackElo "2694"]
[EventDate "2021.04.29"]
[PlyCount "101"]

1.e4 e5 2.Nf3 Nc6 3.Bb5 a6 4.Ba4 Nf6 5.O-O Bc5 6.c3 b5 7.Bc2 d5 8.a4 dxe4 
9.axb5 Bg4 10.bxc6 exf3 11.gxf3 Bh3 12.Re1 O-O 13.Ra5 Qd6 14.b4 Bxf2+ 15.
Kxf2 e4 16.Kg1 Rae8 17.Re3 Nh5 18.Rg5 Qh6 19.f4 Nxf4 20.Reg3 f5 21.Rxg7+ 
Qxg7 22.Rxg7+ Kxg7 23.Qe1 e3 24.dxe3 Rf6 25.Kf2 Rg6 26.Nd2 Rg2+ 27.Kf3 Ng6
28.e4 Ne5+ 29.Ke3 f4+ 30.Kxf4 Ng4 31.e5 Nxe5 32.Qxe5+ Rxe5 33.Kxe5 Rxh2 
34.Be4 Re2 35.Nf3 Bg2 36.Kd4 Rf2 37.Ng5 Bxe4 38.Nxe4 Rf1 39.Bg5 Kg6 40.Be7
h5 41.Nc5 a5 42.bxa5 h4 43.Bxh4 Rf4+ 44.Kd5 Rxh4 45.a6 Kf7 46.a7 Rh8 47.
Na6 Ra8 48.Nxc7 Rxa7 49.Nb5 Ra5 50.c7 Rxb5+ 51.Ke4 1-0

[Event "78th POL-ch"]
[Site "Bydgoszcz POL"]
[Date "2021.05.07"]
[Round "4.2"]
[White "Wojtaszek, Radoslaw"]
[Black "Moranda, Wojciech"]
[Result "1-0"]
[WhiteElo "2694"]
[BlackElo "2618"]
[EventDate "2021.04.29"]
[PlyCount "91"]

1.Nf3 Nf6 2.g3 b6 3.d4 Bb7 4.c4 e6 5.Bg2 Be7 6.O-O O-O 7.Re1 a5 8.Bf4 d6 
9.Nc3 Ne4 10.Rc1 Nd7 11.Qd3 Nxc3 12.Rxc3 h6 13.e4 a4 14.Rc2 Ra7 15.Rce2 
Qa8 16.h4 Nf6 17.Nh2 Nd7 18.Bh3 Re8 19.Bd2 c5 20.d5 Ne5 21.Qc2 exd5 22.
exd5 Ba6 23.Re4 b5 24.Bc3 bxc4 25.Bxe5 dxe5 26.Rxe5 Bb5 27.Ng4 Bd6 28.
Rxe8+ Bxe8 29.Ne3 Bb5 30.Bf1 a3 31.Bxc4 Bd7 32.bxa3 Rxa3 33.Bb3 Ra6 34.Nc4
Bf8 35.Ne5 Be8 36.Qe4 Ba4 37.Bc4 Rd6 38.h5 Be8 39.Bd3 g6 40.Nc4 Rd8 41.
hxg6 fxg6 42.Qg4 Qc8 43.Re6 g5 44.Qf5 Qd7 45.Ne5 Qg7 46.Rf6 1-0

[Event "78th POL-ch"]
[Site "Bydgoszcz POL"]
[Date "2021.05.07"]
[Round "4.3"]
[White "Moranda, Wojciech"]
[Black "Wojtaszek, Radoslaw"]
[Result "1/2-1/2"]
[WhiteElo "2635"]
[BlackElo "2703"]
[EventDate "2021.04.29"]
[PlyCount "91"]

1.e4 e5 2.Nf3 Nc6 3.Nc3 Nf6 4.d4 exd4 5.Nxd4 Bb4 6.Nxc6 bxc6 7.Bd3 d5 8.
exd5 cxd5 9.O-O O-O 10.Bg5 c6 11.Qf3 h6 12.Bxf6 Qxf6 13.Qxf6 gxf6 14.Ne2 
Rb8 15.Nd4 Rb6 16.Nf5 Bxf5 17.Bxf5 Re8 18.Rad1 Re5 19.Bd3 Rb8 20.g3 Ba5 
21.b3 Rbe8 22.Ba6 Bc3 23.Rd3 d4 24.Rf3 Kg7 25.a4 c5 26.Kg2 Be1 27.h4 R8e6 
28.Bc4 Rc6 29.Bd3 a5 30.Rf5 Rxf5 31.Bxf5 Bc3 32.Bd3 Re6 33.Rd1 Re1 34.Rxe1
Bxe1 35.Kf1 Bb4 36.Ke2 Kf8 37.f4 Ke7 38.h5 Ke6 39.Bc4+ Ke7 40.g4 Bc3 41.
Kd3 Bb4 42.Ke4 Bd2 43.Kd5 Bb4 44.Bd3 Kf8 45.Kc6 Ke7 46.Bc4 1/2-1/2

[Event "78th POL-ch"]
[Site "Bydgoszcz POL"]
[Date "2021.05.07"]
[Round "4.4"]
[White "Wojtaszek, Radoslaw"]
[Black "Moranda, Wojciech"]
[Result "1-0"]
[WhiteElo "2703"]
[BlackElo "2635"]
[EventDate "2021.04.29"]
[PlyCount "77"]

1.Nf3 Nf6 2.g3 b6 3.d4 Bb7 4.c4 e6 5.Bg2 Be7 6.O-O O-O 7.Re1 Ne4 8.Nfd2 d5
9.cxd5 exd5 10.Nc3 f5 11.Ndxe4 dxe4 12.Bf4 Nc6 13.Qb3+ Kh8 14.d5 Na5 15.
Qa4 Bd6 16.Bxd6 cxd6 17.Rac1 Rc8 18.Qd4 Ba6 19.f3 Nc4 20.fxe4 f4 21.gxf4 
Rxf4 22.Rf1 Rxf1+ 23.Rxf1 Qg5 24.Nd1 Ne5 25.Qf2 h6 26.Ne3 Qh5 27.Nf5 Qxe2 
28.Qxe2 Bxe2 29.Nxd6 Rc7 30.Rf8+ Kh7 31.Rc8 Rd7 32.Nf5 g6 33.Nd4 Bh5 34.
Re8 Nc4 35.b3 g5 36.Rc8 Ne3 37.Ne6 Rf7 38.d6 Bg4 39.d7 1-0

[Event "78th POL-ch"]
[Site "Bydgoszcz POL"]
[Date "2021.05.06"]
[Round "4.1"]
[White "Socko, Bartosz"]
[Black "Teclaf, Pawel"]
[Result "1/2-1/2"]
[WhiteElo "2618"]
[BlackElo "2502"]
[EventDate "2021.04.29"]
[PlyCount "60"]

1.d4 e6 2.e4 d5 3.Nd2 c5 4.Ngf3 cxd4 5.Nxd4 Nc6 6.Bb5 Bd7 7.Nxc6 Bxc6 8.
Bxc6+ bxc6 9.c4 Bc5 10.cxd5 cxd5 11.Qa4+ Qd7 12.Qxd7+ Kxd7 13.exd5 exd5 
14.O-O Ne7 15.Nb3 Bb6 16.Bd2 Rhc8 17.Bc3 f6 18.Rfe1 a5 19.Rad1 Rc4 20.Re2 
a4 21.Nd2 Rcc8 22.Bb4 Bc5 23.Bxc5 Rxc5 24.Ne4 Rc4 25.Nc3 Ra5 26.g3 a3 27.
Nb1 axb2 28.Rxb2 Rc7 29.Kg2 Ke8 30.Rd3 Rca7 1/2-1/2

[Event "78th POL-ch"]
[Site "Bydgoszcz POL"]
[Date "2021.05.07"]
[Round "4.2"]
[White "Teclaf, Pawel"]
[Black "Socko, Bartosz"]
[Result "0-1"]
[WhiteElo "2502"]
[BlackElo "2618"]
[EventDate "2021.04.29"]
[PlyCount "120"]

1.c4 e5 2.Nc3 d6 3.Nf3 f5 4.d4 e4 5.Bg5 Be7 6.Bxe7 Nxe7 7.Nd2 O-O 8.e3 c6 
9.f4 Be6 10.g4 d5 11.g5 Nd7 12.Rc1 Bf7 13.c5 b6 14.Na4 Qc7 15.Qe2 Rfb8 16.
b3 Nf8 17.Bh3 Ne6 18.O-O Rf8 19.Qf2 Bh5 20.Rfe1 Ng6 21.Bf1 b5 22.Nc3 Ngxf4
23.exf4 Qxf4 24.Qxf4 Nxf4 25.b4 Ne6 26.Nb3 Nxg5 27.Na5 Nf3+ 28.Kf2 Nxe1 
29.Kxe1 Rac8 30.Nxc6 Rxc6 31.Nxd5 Rh6 32.c6 f4 33.h3 Rd6 34.Rc5 Be8 35.
Bxb5 f3 36.Kf2 a6 37.Ne7+ Kf7 38.Nf5 e3+ 39.Kxf3 axb5 40.Nxd6+ Ke6+ 41.
Kxe3 Kxd6 42.d5 Bg6 43.Rxb5 Re8+ 44.Kf4 Re4+ 45.Kg5 Re5+ 46.Kf4 Re4+ 47.
Kg5 Bf7 48.Kf5 Bxd5 49.Rb6 Rc4 50.b5 Be6+ 51.Kg5 Rc5+ 52.Kf4 g5+ 53.Ke4 
Bxa2 54.Rb7 Be6 55.Kd4 Rc4+ 56.Kd3 Rh4 57.c7 Rxh3+ 58.Kd4 Rh4+ 59.Kd3 Bc8 
60.Ra7 Rb4 0-1